000
00207 a2200097 4500
001
1759
100
_a
Graham, F.W.
245
_a
Reading, Audels Answers on
260
_a
_b
Theo Audel
_c
090
_c
1295
_d
1295
942
_a
NUST-CAE
_c
M
_c
3280
999
_c
236832
_d
236832